[Event "AUTO-MASTER-1238"]
[Site "http://www.queenalice.com/game.php?id=842341"]
[Date "2010.10.6"]
[Round "1"]
[White "atbn"]
[Black "scandien"]
[Result "0-1"]
[WhiteElo "1862"]
[BlackElo "2110"]

1. e4 e5 2. Nf3 Nc6 3. Nc3 Nf6 4. Bc4 Bc5 5. d3 O-O 6. Bg5 h6 7. Bh4 Be7 8. Bxf6
Bxf6 9. Nd5 d6 10. Qd2 Be6 11. h4 Bxd5 12. Bxd5 Qd7 13. Bxc6 Qxc6 14. g4 a5 15.
g5 hxg5 16. hxg5 Be7 17. O-O-O f5 18. exf5 Qxf3 19. f6 Bd8 20. fxg7 Kxg7 21. g6
Qf4 22. Rdg1 Qxd2+ 23. Kxd2 Rxf2+ 24. Kc3 Bf6 25. Rh7+ Kg8 26. g7 Kxh7 0-1

[Event "AUTO-MASTER-1259"]
[Site "http://www.queenalice.com/game.php?id=853492"]
[Date "2010.11.2"]
[Round "1"]
[White "razoman"]
[Black "scandien"]
[Result "0-1"]
[WhiteElo "1991"]
[BlackElo "2111"]

1. e4 e5 2. Nf3 Nc6 3. Bc4 Nf6 4. d3 Be7 5. O-O O-O 6. Bg5 d6 7. h3 Na5 8. Nbd2
Nxc4 9. Nxc4 b6 10. Re1 Nd7 11. Bxe7 Qxe7 12. c3 Bb7 13. Nh2 Nc5 14. b4 Nd7 15.
Ne3 Nf6 16. Nf5 Qd7 17. Ng4 Qe6 18. Nxf6+ Qxf6 19. Re3 g6 20. Rg3 Kh8 21. Nh6
Qg7 22. Qd2 Bc8 23. d4 f5 24. exf5 Bxf5 25. Qg5 Rf6 26. dxe5 dxe5 27. Rd1 Raf8
28. Ng4 Bxg4 29. Qxg4 Rxf2 30. Rd7 R2f7 31. Rxf7 Qxf7 32. Rf3 Qe7 33. Rxf8+ Qxf8
34. Qe6 Qd6 35. Qf7 Qd1+ 36. Kh2 Qd6 37. Kh1 Qd8 38. Qe6 Qd6 39. Qf7 Qd8 40. Qe6
Qd1+ 41. Kh2 Qd6 42. Qe8+ Kg7 43. Kg1 a5 44. a3 axb4 45. axb4 h5 46. b5 Qc5+ 47.
Kh1 Qxc3 48. Qe7+ Kh6 49. h4 Qc5 50. Qe8 Qc1+ 51. Kh2 Qf4+ 52. g3 Qf2+ 53. Kh3
Qf6 54. Qg8 Qf1+ 55. Kh2 Qf2+ 56. Kh3 Qf6 57. Qa8 Kg7 58. Qa7 Qe7 59. Qa1 Qd7+
60. Kh2 Qxb5 61. Qc3 Qc5 62. Qd2 Qd6 63. Qb2 Qd4 64. Qc2 c5 65. Qa4 Qxa4 0-1

[Event "AUTO-MASTER-1259"]
[Site "http://www.queenalice.com/game.php?id=853493"]
[Date "2010.11.2"]
[Round "1"]
[White "scandien"]
[Black "razoman"]
[Result "1/2-1/2"]
[WhiteElo "2114"]
[BlackElo "1999"]

1. e4 c5 2. Nf3 Nc6 3. d4 cxd4 4. Nxd4 a6 5. c4 d6 6. Nc3 e5 7. Nf3 Bg4 8. Be2
h6 9. h3 Bxf3 10. Bxf3 Nd4 11. Be3 Nxf3+ 12. Qxf3 Nf6 13. O-O Be7 14. Rad1 Qc7
15. b3 O-O 16. Nd5 Nxd5 17. cxd5 Qa5 18. Qe2 Rac8 19. Rc1 Qb4 20. Rxc8 Rxc8 21.
Rc1 Rxc1+ 22. Bxc1 Bd8 23. Qd2 Qxe4 24. Ba3 Bg5 25. Qc3 Bf4 26. g3 Bg5 27. Bxd6
Qxd5 28. Bxe5 Qd1+ 29. Kg2 Qd5+ 30. Kg1 Qd1+ 31. Kg2 1/2-1/2

[Event "AUTO-MASTER-1259"]
[Site "http://www.queenalice.com/game.php?id=853508"]
[Date "2010.11.2"]
[Round "1"]
[White "colombHouse"]
[Black "scandien"]
[Result "1-0"]
[WhiteElo "2197"]
[BlackElo "2132"]

1. e4 c5 2. Nf3 d6 3. Bc4 Nc6 4. Nc3 Bg4 5. Bxf7+ Kxf7 6. Ng5+ Ke8 7. Qxg4 Nf6
8. Qe2 Nd4 9. Qd3 e5 10. Ne2 Nxe2 11. Qxe2 Be7 12. Ne6 Qd7 13. Nxg7+ Kf7 14. Nf5
Rhg8 15. Nh6+ 1-0

[Event "AUTO-MASTER-1259"]
[Site "http://www.queenalice.com/game.php?id=853509"]
[Date "2010.11.2"]
[Round "1"]
[White "scandien"]
[Black "colombHouse"]
[Result "0-1"]
[WhiteElo "2130"]
[BlackElo "2212"]

1. e4 e5 2. Nf3 Nc6 3. Bb5 a6 4. Bxc6 dxc6 5. O-O Qf6 6. d3 Ne7 7. Bg5 Qe6 8.
Nc3 Ng6 9. d4 f6 10. Be3 Bd6 11. dxe5 fxe5 12. Ng5 Qf6 13. Qh5 h6 14. Nf3 O-O
0-1

[Event "AUTO-MASTER-1259"]
[Site "http://www.queenalice.com/game.php?id=853518"]
[Date "2010.11.2"]
[Round "1"]
[White "danbots5k"]
[Black "scandien"]
[Result "0-1"]
[WhiteElo "2177"]
[BlackElo "2115"]

1. e4 e5 2. Nf3 Nf6 3. Nc3 Nc6 4. a3 a6 5. Bc4 Nxe4 6. Nxe4 d5 7. Bd3 dxe4 8.
Bxe4 Bd6 9. d4 exd4 10. Bxc6+ bxc6 11. Qxd4 O-O 12. O-O Bb7 13. Qc4 c5 14. Bg5
Qd7 15. Qc3 Qf5 16. Bh4 Qg4 17. Bg3 Bxf3 18. Qxf3 Qxf3 19. gxf3 Rab8 20. b3 Rfe8
21. Rfe1 Kf8 22. Kf1 Rxe1+ 23. Rxe1 Re8 24. Rd1 Re6 25. Rd3 Ke7 26. Re3 Kd7 27.
Ke2 h5 28. Kd3 h4 29. Bxh4 Bxh2 30. Kc4 Kc6 31. Re4 Be5 32. Bg5 Bd4 33. Rxe6+
fxe6 34. Be3 e5 35. c3 Bxe3 36. fxe3 g5 37. Kd3 Kd5 38. c4+ Ke6 39. Ke4 a5 40.
Kd3 Kf5 41. a4 c6 42. e4+ Kf4 43. Ke2 g4 44. fxg4 Kxg4 45. Ke3 Kg3 46. Ke2 Kf4
47. Kd3 Kf3 48. Kd2 Kxe4 49. Kc3 Ke3 50. Kc2 Ke2 0-1

[Event "AUTO-MASTER-1259"]
[Site "http://www.queenalice.com/game.php?id=853519"]
[Date "2010.11.2"]
[Round "1"]
[White "scandien"]
[Black "danbots5k"]
[Result "0-1"]
[WhiteElo "2120"]
[BlackElo "2323"]

1. e4 e6 2. d4 d5 3. Nc3 Nf6 4. e5 Nfd7 5. f4 g6 6. Nf3 Bg7 7. Bd3 a6 8. Be3 b5
9. Qd2 O-O 10. O-O-O Qe7 11. h4 c5 12. g4 c4 13. Bf1 Nb6 14. g5 b4 15. Ne2 Nc6
16. h5 c3 17. Qe1 Nc4 18. Ng3 Nxb2 19. Rd3 a5 20. hxg6 fxg6 21. Qf2 Ba6 22. Qh2
Nxd3+ 23. Bxd3 Bxd3 24. Qxh7+ Kf7 25. cxd3 Rh8 0-1

[Event "AUTO-MASTER-1379"]
[Site "http://www.queenalice.com/game.php?id=920040"]
[Date "2011.3.31"]
[Round "1"]
[White "Famelo"]
[Black "scandien"]
[Result "0-1"]
[WhiteElo "2129"]
[BlackElo "2166"]

1. f4 c5 2. Nf3 d6 3. e3 g6 4. Be2 Bg7 5. O-O e6 6. d4 cxd4 7. exd4 Qb6 8. Kh1
Nf6 9. Nbd2 Ng4 10. Nc4 Qc7 11. h3 Nh6 12. c3 Nf5 13. d5 Ng3+ 14. Kg1 Nxf1 15.
Kxf1 O-O 16. dxe6 Bxe6 17. Ne3 Nc6 18. Nd5 Bxd5 19. Qxd5 Ne7 20. Qb3 Rae8 21.
Be3 Nf5 22. Bf2 Ne3+ 23. Bxe3 Rxe3 24. Re1 Qc6 25. a4 Rfe8 26. Qb5 Qe4 27. Qc4
Qc2 28. Ng5 R8e7 29. Kf2 d5 30. Qc8+ Re8 31. Qxb7 Rxe2+ 32. Rxe2 Rxe2+ 33. Kf3
Qd3+ 34. Kg4 Rxg2+ 0-1

[Event "AUTO-MASTER-1379"]
[Site "http://www.queenalice.com/game.php?id=920041"]
[Date "2011.3.31"]
[Round "1"]
[White "scandien"]
[Black "Famelo"]
[Result "1-0"]
[WhiteElo "2129"]
[BlackElo "2195"]

1. e4 d6 2. d4 Nf6 3. Nc3 g6 4. f4 Bg7 5. Nf3 O-O 6. Bd3 Nc6 7. e5 dxe5 8. fxe5
Ng4 9. h3 Nh6 10. Be3 Nf5 11. Bxf5 Bxf5 12. g4 Bc8 13. Qd2 e6 14. O-O-O Qe8 15.
Bh6 a6 16. h4 f5 17. Bxg7 Kxg7 18. h5 fxg4 19. hxg6 Qxg6 20. Nh4 Qf7 21. Qg5+
Kh8 22. Ng6+ Kg7 23. Nxf8+ Kxf8 24. Rdf1 1-0

[Event "AUTO-MASTER-1379"]
[Site "http://www.queenalice.com/game.php?id=920054"]
[Date "2011.3.31"]
[Round "1"]
[White "CaioPoeta"]
[Black "scandien"]
[Result "0-1"]
[WhiteElo "1861"]
[BlackElo "2177"]

1. d4 Nf6 2. c4 g6 3. Nc3 Bg7 4. e4 d6 5. f3 O-O 6. Be3 Nc6 7. Nge2 a6 8. g4 Rb8
9. Ng3 e5 10. d5 Ne7 11. h4 c6 12. Qd2 cxd5 13. cxd5 b5 14. h5 b4 15. Na4 Nd7
16. Bh6 Nb6 17. Bxg7 Kxg7 18. hxg6 fxg6 19. Qh6+ Kf7 20. Qxh7+ Ke8 21. Nxb6 Qxb6
22. Be2 Bxg4 0-1

[Event "AUTO-MASTER-1379"]
[Site "http://www.queenalice.com/game.php?id=920055"]
[Date "2011.3.31"]
[Round "1"]
[White "scandien"]
[Black "CaioPoeta"]
[Result "1-0"]
[WhiteElo "2180"]
[BlackElo "1858"]

1. e4 c5 2. c3 d6 3. d4 cxd4 4. cxd4 Nf6 5. Nc3 Nc6 6. Bc4 a6 7. Bb3 e6 8. Nf3
Be7 9. O-O O-O 10. h3 d5 11. e5 Nd7 12. Bc2 b5 13. Be3 Nb6 14. b3 Bb7 15. a3 Rc8
16. Qd3 g6 17. Bh6 Re8 18. Qe3 f5 19. Rfc1 Bf8 20. Bxf8 Rxf8 21. Ne2 Kg7 22. Nf4
Qe7 23. Ng5 1-0

[Event "AUTO-MASTER-1379"]
[Site "http://www.queenalice.com/game.php?id=920064"]
[Date "2011.3.31"]
[Round "1"]
[White "scandien"]
[Black "CCapivara"]
[Result "1-0"]
[WhiteElo "2143"]
[BlackElo "2069"]

1. e4 c6 2. d4 d6 3. Nc3 Nf6 4. f4 Qa5 5. Bd3 e5 6. Nf3 Bg4 7. Be3 Nbd7 8. O-O
Be7 9. h3 Bxf3 10. Qxf3 O-O-O 11. Rfb1 exf4 12. Bxf4 g5 13. Bg3 h5 14. b4 Qb6
15. Qf2 h4 16. Bh2 g4 17. hxg4 Nxg4 18. Na4 Qc7 19. Qf4 Rdg8 20. Kh1 Nxh2 21.
Kxh2 Nf6 22. b5 Ng4+ 23. Kh1 h3 24. g3 Rh6 25. b6 axb6 26. Nxb6+ Kb8 27. Qxf7
Rf8 28. Qg7 h2 29. Qxg4 Rf2 30. Ba6 Ka7 31. Bxb7 Qxb7 32. Nc8+ 1-0

[Event "AUTO-MASTER-1379"]
[Site "http://www.queenalice.com/game.php?id=920065"]
[Date "2011.3.31"]
[Round "1"]
[White "CCapivara"]
[Black "scandien"]
[Result "1/2-1/2"]
[WhiteElo "2129"]
[BlackElo "2129"]

1. e4 c5 2. Nf3 d6 3. d4 cxd4 4. Nxd4 Nf6 5. Nc3 a6 6. f4 e5 7. Nf3 Nbd7 8. fxe5
dxe5 9. Bg5 Be7 10. Bxf6 Bxf6 11. Bc4 O-O 12. Bb3 Nb6 13. O-O Bg4 14. Qxd8 Raxd8
15. Nd5 Nxd5 16. Bxd5 b6 17. c4 Rd7 1/2-1/2

[Event "AUTO-MASTER-1379"]
[Site "http://www.queenalice.com/game.php?id=980165"]
[Date "2011.9.2"]
[Round "2"]
[White "attachui"]
[Black "scandien"]
[Result "0-1"]
[WhiteElo "2057"]
[BlackElo "2182"]

1. d4 Nf6 2. c4 g6 3. Nc3 Bg7 4. e4 d6 5. Nf3 O-O 6. Be2 e5 7. O-O Nc6 8. d5 Ne7
9. b4 Nh5 10. Ng5 Nf4 11. Bg4 Nexd5 12. Nxd5 Qxg5 13. Bxf4 exf4 14. Bxc8 Rfxc8
15. Rb1 c6 16. Nb6 axb6 17. Qxd6 Re8 18. Qc7 f3 19. Qg3 Qxg3 20. hxg3 Rxe4 21.
gxf3 Rxc4 22. Rfd1 Rxa2 23. Rd8+ Bf8 24. Rd7 Rxb4 25. Re1 Bc5 26. Kg2 Rbb2 27.
g4 Rxf2+ 28. Kg3 Ra3 29. g5 Rfxf3+ 30. Kg4 Rg3+ 31. Kf4 Raf3+ 32. Ke5 Rf5+ 33.
Ke4 Rg4+ 34. Kd3 Rf3+ 35. Kc2 Rg2+ 36. Kd1 Ra3 0-1

[Event "AUTO-MASTER-2107"]
[Site "http://www.queenalice.com/game.php?id=1289250"]
[Date "2014.6.19"]
[Round "1"]
[White "MSchatz"]
[Black "scandien"]
[Result "1-0"]
[WhiteElo "2002"]
[BlackElo "2190"]

1. e4 c5 2. Nf3 d6 3. Bb5+ Bd7 4. Bxd7+ Qxd7 5. d3 Nc6 6. Nc3 g6 7. Be3 Bg7 8.
Rb1 e6 9. O-O Nge7 10. Qd2 O-O 11. Bh6 Kh8 12. Ne2 Rfd8 13. Bxg7+ Kxg7 14. Ng3
1-0

[Event "AUTO-MASTER-2107"]
[Site "http://www.queenalice.com/game.php?id=1289251"]
[Date "2014.6.19"]
[Round "1"]
[White "scandien"]
[Black "MSchatz"]
[Result "0-1"]
[WhiteElo "2132"]
[BlackElo "2051"]

1. e4 e5 2. Nf3 Nc6 3. Bb5 a6 4. Bxc6 dxc6 5. O-O Bg4 6. h3 Bxf3 7. Qxf3 Qf6 8.
Qxf6 Nxf6 9. d3 Bc5 10. Nd2 O-O 11. Nc4 Bd6 12. Be3 Nd7 13. Rae1 f5 14. exf5
Rxf5 15. Bd2 Raf8 16. Bc3 Nb6 17. Nxb6 cxb6 18. Re4 b5 19. Rfe1 Rxf2 20. R1e2
Rxe2 0-1

[Event "AUTO-MASTER-2107"]
[Site "http://www.queenalice.com/game.php?id=1289264"]
[Date "2014.6.19"]
[Round "1"]
[White "scandien"]
[Black "guy92"]
[Result "0-1"]
[WhiteElo "2151"]
[BlackElo "1906"]

1. e4 c5 2. Nf3 Nc6 3. d4 cxd4 4. Nxd4 Nf6 5. Nc3 e5 6. Ndb5 Bb4 7. Nd6+ Bxd6 8.
Qxd6 a6 9. Bg5 Qe7 10. O-O-O Qxd6 11. Rxd6 Ke7 12. Rd2 Re8 13. Nd5+ Kf8 14. Nxf6
gxf6 15. Bh6+ Kg8 16. Rd3 Kh8 17. Rg3 Rg8 18. Bc4 Rxg3 0-1

[Event "AUTO-MASTER-2107"]
[Site "http://www.queenalice.com/game.php?id=1289265"]
[Date "2014.6.19"]
[Round "1"]
[White "guy92"]
[Black "scandien"]
[Result "1-0"]
[WhiteElo "1878"]
[BlackElo "2172"]

1. d4 Nf6 2. c4 g6 3. Nc3 Bg7 4. e4 d6 5. Be3 O-O 6. Qd2 e5 7. d5 a5 8. Be2 Na6
9. Nf3 Nd7 10. O-O f5 11. exf5 gxf5 12. Bg5 Qe8 13. Nb5 f4 14. Qxa5 b6 15. Qd2
Qg6 16. Bd3 e4 17. Bb1 Qh5 18. Bxe4 1-0

[Event "AUTO-MASTER-2107"]
[Site "http://www.queenalice.com/game.php?id=1289266"]
[Date "2014.6.19"]
[Round "1"]
[White "scandien"]
[Black "CNJEDUARDO"]
[Result "0-1"]
[WhiteElo "2118"]
[BlackElo "1986"]

1. e4 c5 2. Nf3 e6 3. d4 Nc6 4. Nc3 cxd4 5. Nxd4 Bc5 6. Be3 Qb6 7. Na4 Qa5+ 8.
c3 Be7 9. Be2 Nf6 10. b4 Qc7 11. O-O Nxe4 12. Qc2 d5 13. Bd3 f5 0-1

[Event "AUTO-MASTER-2107"]
[Site "http://www.queenalice.com/game.php?id=1289267"]
[Date "2014.6.19"]
[Round "1"]
[White "CNJEDUARDO"]
[Black "scandien"]
[Result "1-0"]
[WhiteElo "2007"]
[BlackElo "2102"]

1. Nf3 c5 2. e4 d6 3. d4 cxd4 4. Qxd4 Nc6 5. Bb5 Bd7 6. Bxc6 Bxc6 7. O-O Nf6 8.
Re1 g6 9. Nc3 Bg7 10. Bg5 O-O 11. Qd2 Qc7 12. Rad1 Rac8 13. h4 1-0